00876cam a22002531 45000010005000000030008000050050017000130080039000300350018000690400032000870410008001190820027001271000042001542450104001962600066003003000034003665040041004006500028004416500045004696500021005146500027005356510040005627000020006023537BD-RjUL20211208233740.0131219t1965 enka b 001 0 eng a(BD-RjUL)3571 aDLCcICUdDLCdBD-RjULbeng aeng00a338.4769216bLEB 19651 aLewis, J. Parryq(John Parry),d1927-10aBuilding cycles and Britain's growth /cby J. Parry Lewis. Incorporating material of Bernard Weber. aLondon ;bMacmillan;aNew York :bSt. Martin's Press,cc1965. axii, 396 p. :bill. ;c23 cm. aIncludes bibliographical references. 0aHousingzGreat Britain. 0aCities and townszGreat BritainxGrowth. 0aBusiness cycles. 0aConstruction industry. 0aGreat BritainxEconomic conditions.1 aWeber, Bernard.